[Event "MMM"]
[Site "Galaxy Gesia 22a - Krakow"]
[Date "2022.06.17"]
[Round "3.7"]
[White "Wnek, Filip"]
[Black "Trybus, Daniel"]
[Result "0-1"]
[BlackElo "2199"]
[WhiteElo "2002"]
[LiveChessVersion "1.4.8"]

1. e4 {[%clk 1:30:57]} c5 {[%clk 1:16:54]} 2. Nf3 {[%clk 1:31:14]} d6
{[%clk 1:17:22]} 3. d4 {[%clk 1:31:26]} cxd4 {[%clk 1:17:50]} 4. Nxd4
{[%clk 1:31:48]} Nf6 {[%clk 1:18:17]} 5. Nc3 {[%clk 1:32:07]} a6 {[%clk 1:18:47]}
6. h4 {[%clk 1:32:28]} e5 {[%clk 1:19:15]} 7. Nb3 {[%clk 1:32:52]} Be6
{[%clk 1:19:39]} 8. f4 {[%clk 1:33:07]} g6 {[%clk 1:20:07]} 9. Qd3
{[%clk 1:29:09]} Nc6 {[%clk 1:14:07]} 10. Be3 {[%clk 1:25:55]} Rc8
{[%clk 1:05:14]} 11. Qd2 {[%clk 1:20:35]} Ng4 {[%clk 0:57:20]} 12. O-O-O
{[%clk 1:13:29]} Bh6 {[%clk 0:50:45]} 13. g3 {[%clk 1:12:49]} O-O
{[%clk 0:41:54]} 14. Be2 {[%clk 1:10:30]} Nxe3 {[%clk 0:41:49]} 15. Qxe3
{[%clk 1:10:52]} Nd4 {[%clk 0:39:17]} 16. Nxd4 {[%clk 1:06:40]} exd4
{[%clk 0:39:36]} 17. Qxd4 {[%clk 1:06:53]} Bg7 {[%clk 0:39:14]} 18. Qxd6
{[%clk 1:06:36]} Qa5 {[%clk 0:39:18]} 19. e5 {[%clk 1:05:51]} Rfd8
{[%clk 0:37:24]} 20. Qa3 {[%clk 1:05:15]} Rxd1+ 21. Nxd1 {[%clk 1:04:43]} Qc7
{[%clk 0:30:56]} 22. Bd3 {[%clk 1:04:17]} Qc6 {[%clk 0:30:45]} 23. Re1
{[%clk 1:02:59]} Bf8 {[%clk 0:30:17]} 24. Qa5 {[%clk 1:02:53]} Qg2
{[%clk 0:29:28]} 25. Qd2 {[%clk 1:00:12]} Qxg3 {[%clk 0:28:38]} 26. f5
{[%clk 1:00:03]} Bxa2 {[%clk 0:26:29]} 27. fxg6 {[%clk 0:59:41]} hxg6
{[%clk 0:26:14]} 28. h5 {[%clk 0:59:41]} Be7 {[%clk 0:18:01]} 29. hxg6
{[%clk 0:56:40]} fxg6 {[%clk 0:18:28]} 30. Re3 {[%clk 0:45:19]} Qg1
{[%clk 0:18:52]} 31. Qa5 {[%clk 0:43:17]} Bg5 {[%clk 0:11:42]} 32. Qxa2+
{[%clk 0:39:56]} Kg7 {[%clk 0:12:05]} 33. Qe6 {[%clk 0:29:41]} Bxe3+
{[%clk 0:12:15]} 34. Kb1 {[%clk 0:30:04]} Qxd1+ {[%clk 0:12:01]} 35. Ka2
{[%clk 0:30:04]} Rc6 {[%clk 0:12:25]} 36. Qd7+ {[%clk 0:30:32]} Kh6
{[%clk 0:12:48]} 37. Qh3+ {[%clk 0:30:46]} Qh5 {[%clk 0:12:45]} 38. Qxe3+
{[%clk 0:31:08]} Kh7 {[%clk 0:12:25]} 39. Qd4 {[%clk 0:28:54]} Qh3
{[%clk 0:12:06]} 40. Be4 {[%clk 0:27:38]} Qg4 {[%clk 0:11:02]} 41. Qd3
{[%clk 0:25:55]} Rc5 {[%clk 0:08:13]} 42. Bd5 {[%clk 0:18:26]} Ra5+
{[%clk 0:07:52]} 43. Kb3 {[%clk 0:18:53]} Qa4+ {[%clk 0:08:12]} 44. Kc3
{[%clk 0:19:14]} Rc5+ {[%clk 0:08:01]} 45. Bc4 {[%clk 0:19:43]} Rxe5
{[%clk 0:07:18]} 46. Qd6 {[%clk 0:19:35]} Qe8 {[%clk 0:06:48]} 47. Qf6
{[%clk 0:17:52]} Rf5 {[%clk 0:06:50]} 48. Qh4+ {[%clk 0:17:45]} Rh5
{[%clk 0:07:19]} 49. Qg4 {[%clk 0:17:52]} Qe3+ {[%clk 0:06:45]} 50. Bd3
{[%clk 0:17:58]} Qe5+ {[%clk 0:06:46]} 51. Kb3 {[%clk 0:18:21]} Qd5+
{[%clk 0:07:13]} 52. Bc4 {[%clk 0:18:33]} Qf5 {[%clk 0:07:23]} 53. Qe2
{[%clk 0:18:06]} Rh3+ {[%clk 0:07:52]} 54. c3 {[%clk 0:18:25]} Qf6
{[%clk 0:07:14]} 55. Qg4 {[%clk 0:17:34]} Qb6+ {[%clk 0:07:16]} 56. Ka2
{[%clk 0:18:03]} Re3 {[%clk 0:07:02]} 57. Qd7+ {[%clk 0:17:51]} Kh6
{[%clk 0:07:30]} 58. Qd2 {[%clk 0:17:58]} Qa5+ {[%clk 0:07:49]} 59. Kb3
{[%clk 0:18:04]} Qe5 {[%clk 0:08:10]} 60. Qd8 {[%clk 0:17:33]} Kh5
{[%clk 0:07:32]} 61. Qd1+ {[%clk 0:17:42]} Kg5 {[%clk 0:07:49]} 62. Qd8+
{[%clk 0:17:55]} Qe7 {[%clk 0:07:45]} 63. Qd5+ {[%clk 0:18:19]} Kh6
{[%clk 0:08:09]} 64. Qh1+ {[%clk 0:18:24]} Kg7 {[%clk 0:08:35]} 65. Qd5
{[%clk 0:18:43]} b5 {[%clk 0:08:42]} 66. Qg8+ {[%clk 0:18:59]} Kf6
{[%clk 0:09:08]} 67. Qh8+ {[%clk 0:19:23]} Kg5 {[%clk 0:09:35]} 68. Bd5
{[%clk 0:19:20]} Qe5 {[%clk 0:09:35]} 69. Qd8+ {[%clk 0:19:47]} Qf6
{[%clk 0:10:01]} 70. Qc7 {[%clk 0:19:43]} Re5 {[%clk 0:10:19]} 71. Qc5
{[%clk 0:18:55]} Kh6 {[%clk 0:10:24]} 72. Qd4 {[%clk 0:19:08]} Qd6
{[%clk 0:10:40]} 73. Qf4+ {[%clk 0:19:33]} g5 {[%clk 0:10:48]} 74. Qh2+
{[%clk 0:19:59]} Kg7 {[%clk 0:11:07]} 75. Bb7 {[%clk 0:19:03]} Qe6+
{[%clk 0:11:18]} 76. Ka3 {[%clk 0:19:22]} b4+ {[%clk 0:11:38]} 77. cxb4
{[%clk 0:18:29]} Re3+ {[%clk 0:12:03]} 78. Ka4 {[%clk 0:18:54]} Qa2#
{[%clk 0:12:30]} 0-1

[Event "MMM"]
[Site "Galaxy Gesia 22a - Krakow"]
[Date "2022.06.17"]
[Round "3.8"]
[White "Cieslak, Patryk"]
[Black "Melaa, Sondre"]
[Result "1/2-1/2"]
[BlackElo "2178"]
[WhiteElo "1984"]
[LiveChessVersion "1.4.8"]

1. e4 {[%clk 1:30:58]} c5 {[%clk 1:17:11]} 2. Nf3 {[%clk 1:31:21]} d6
{[%clk 1:17:08]} 3. d4 {[%clk 1:31:21]} cxd4 {[%clk 1:17:30]} 4. Nxd4
{[%clk 1:31:12]} Nf6 {[%clk 1:17:51]} 5. Nc3 {[%clk 1:30:57]} g6 {[%clk 1:17:58]}
6. g3 {[%clk 1:30:31]} Bg7 {[%clk 1:16:39]} 7. Bg2 {[%clk 1:30:43]} O-O
{[%clk 1:16:14]} 8. O-O {[%clk 1:30:34]} Nc6 {[%clk 1:15:48]} 9. Nde2
{[%clk 1:29:50]} Bd7 {[%clk 1:12:27]} 10. h3 {[%clk 1:29:08]} a6 {[%clk 1:07:34]}
11. a4 {[%clk 1:28:14]} Rc8 {[%clk 1:04:16]} 12. Be3 {[%clk 1:24:12]} Na5
{[%clk 0:59:43]} 13. Bd4 {[%clk 1:18:40]} e5 {[%clk 0:50:27]} 14. Be3
{[%clk 1:18:45]} Nc4 {[%clk 0:50:48]} 15. Bc1 {[%clk 1:17:13]} Be6
{[%clk 0:44:11]} 16. b3 {[%clk 1:17:02]} Na5 {[%clk 0:43:39]} 17. Ba3
{[%clk 1:15:02]} Ne8 {[%clk 0:43:29]} 18. Qd3 {[%clk 0:59:16]} f5
{[%clk 0:39:36]} 19. Nd5 {[%clk 0:54:30]} fxe4 {[%clk 0:35:02]} 20. Qd1
{[%clk 0:54:16]} Nc6 {[%clk 0:29:57]} 21. c4 {[%clk 0:46:26]} b5 {[%clk 0:20:41]}
22. axb5 {[%clk 0:41:46]} axb5 {[%clk 0:21:05]} 23. cxb5 {[%clk 0:41:31]} Nd4
{[%clk 0:18:37]} 24. Nxd4 {[%clk 0:41:22]} exd4 {[%clk 0:14:39]} 25. Bxe4
{[%clk 0:41:36]} Nf6 {[%clk 0:14:16]} 26. Nxf6+ {[%clk 0:40:51]} Bxf6
{[%clk 0:14:40]} 27. Kh2 {[%clk 0:38:17]} Rc3 {[%clk 0:10:59]} 28. Bb2
{[%clk 0:36:45]} Rxb3 {[%clk 0:10:21]} 29. Bxd4 {[%clk 0:36:13]} Rxb5
{[%clk 0:08:33]} 30. Ra8 {[%clk 0:35:58]} Rb8 {[%clk 0:08:34]} 31. Rxb8
{[%clk 0:33:29]} Qxb8 {[%clk 0:08:56]} 32. Bxf6 {[%clk 0:33:51]} Rxf6
{[%clk 0:09:21]} 33. Qd4 {[%clk 0:34:15]} Qf8 {[%clk 0:08:27]} 34. Kg2
{[%clk 0:32:01]} Qe7 {[%clk 0:06:37]} 35. Ra1 {[%clk 0:31:45]} Bf7 36. Ra8+
{[%clk 0:29:12]} Kg7 {[%clk 0:06:14]} 37. Ra7 {[%clk 0:29:23]} Qe5
{[%clk 0:05:24]} 38. Qxe5 {[%clk 0:29:21]} dxe5 {[%clk 0:05:48]} 39. Bd5
{[%clk 0:29:31]} Kf8 {[%clk 0:05:47]} 40. Bxf7 {[%clk 0:29:37]} Rxf7
{[%clk 0:06:13]} 41. Rxf7+ {[%clk 0:29:26]} Kxf7 {[%clk 0:06:35]} 42. Kf3
{[%clk 0:29:55]} Ke6 {[%clk 0:04:47]} 43. Ke4 {[%clk 0:30:03]} Kd6
{[%clk 0:04:58]} 44. g4 {[%clk 0:29:06]} Ke6 {[%clk 0:04:35]} 45. h4
{[%clk 0:29:04]} h6 {[%clk 0:03:09]} 46. h5 {[%clk 0:26:40]} gxh5
{[%clk 0:03:31]} 47. gxh5 {[%clk 0:27:08]} Kf6 {[%clk 0:03:54]} 48. f3
{[%clk 0:26:17]} Ke6 {[%clk 0:04:18]} 49. f4 {[%clk 0:26:43]} exf4
{[%clk 0:04:42]} 50. Kxf4 {[%clk 0:27:10]} Kf6 {[%clk 0:05:04]} 51. Kg4
{[%clk 0:27:34]} Ke5 1/2-1/2

[Event "MMM"]
[Site "Galaxy Gesia 22a - Krakow"]
[Date "2022.06.17"]
[Round "3.9"]
[White "Van De Lisdonk, Lucien"]
[Black "Chmiel, Marcin"]
[Result "0-1"]
[BlackElo "2207"]
[WhiteElo "2053"]
[LiveChessVersion "1.4.8"]

1. e4 {[%clk 1:27:13]} c6 {[%clk 1:30:36]} 2. Nc3 {[%clk 1:27:02]} d5
{[%clk 1:30:59]} 3. Nf3 {[%clk 1:27:14]} Bg4 {[%clk 1:31:13]} 4. Be2
{[%clk 1:27:35]} e6 {[%clk 1:30:37]} 5. h3 {[%clk 1:25:24]} Bxf3 {[%clk 1:30:52]}
6. Bxf3 {[%clk 1:25:47]} g6 {[%clk 1:26:46]} 7. d4 {[%clk 1:22:41]} Bg7
{[%clk 1:26:52]} 8. Be3 {[%clk 1:19:32]} Nf6 {[%clk 1:22:02]} 9. Qd2
{[%clk 1:13:57]} O-O {[%clk 1:20:04]} 10. O-O-O {[%clk 1:09:45]} Nbd7
{[%clk 1:07:29]} 11. Bh6 {[%clk 1:02:53]} dxe4 {[%clk 0:55:57]} 12. Nxe4
{[%clk 0:55:31]} Nxe4 {[%clk 0:56:06]} 13. Bxe4 {[%clk 0:55:56]} Qh4
{[%clk 0:53:56]} 14. Bxg7 {[%clk 0:46:27]} Kxg7 {[%clk 0:54:14]} 15. Rhe1
{[%clk 0:46:35]} a5 {[%clk 0:52:10]} 16. Bf3 {[%clk 0:44:10]} Rfd8
{[%clk 0:47:26]} 17. Re4 {[%clk 0:39:06]} Qe7 {[%clk 0:45:40]} 18. h4
{[%clk 0:36:40]} h5 {[%clk 0:43:01]} 19. Qe2 {[%clk 0:26:17]} a4 {[%clk 0:37:52]}
20. Rg1 {[%clk 0:18:43]} a3 {[%clk 0:36:59]} 21. b3 {[%clk 0:18:59]} Qd6
{[%clk 0:26:31]} 22. c3 {[%clk 0:10:06]} c5 {[%clk 0:17:51]} 23. g4
{[%clk 0:09:59]} hxg4 {[%clk 0:16:18]} 24. Rgxg4 {[%clk 0:04:23]} Nf6
{[%clk 0:10:24]} 25. h5 {[%clk 0:04:47]} Nxg4 {[%clk 0:09:41]} 26. Rxg4
{[%clk 0:05:03]} cxd4 {[%clk 0:07:19]} 27. Qe4 {[%clk 0:03:20]} dxc3
{[%clk 0:06:02]} 28. Rxg6+ {[%clk 0:01:47]} Kf8 {[%clk 0:06:16]} 29. Qe3
{[%clk 0:01:27]} Qd2+ {[%clk 0:06:30]} 30. Qxd2 {[%clk 0:01:52]} cxd2+
{[%clk 0:06:55]} 31. Kd1 {[%clk 0:02:16]} fxg6 {[%clk 0:07:18]} 0-1

[Event "MMM"]
[Site "Galaxy Gesia 22a - Krakow"]
[Date "2022.06.17"]
[Round "3.10"]
[White "Palosz, Andrzej"]
[Black "Rosol, Alexander"]
[Result "1-0"]
[BlackElo "2104"]
[WhiteElo "2034"]
[LiveChessVersion "1.4.8"]

1. e4 {[%clk 1:30:57]} d6 {[%clk 1:30:52]} 2. d4 {[%clk 1:31:19]} Nf6
{[%clk 1:31:18]} 3. Nc3 {[%clk 1:31:41]} e5 {[%clk 1:31:42]} 4. Nf3
{[%clk 1:30:30]} Nbd7 {[%clk 1:32:05]} 5. Bc4 {[%clk 1:27:33]} Be7
{[%clk 1:32:28]} 6. O-O {[%clk 1:24:59]} c6 {[%clk 1:32:36]} 7. Bb3
{[%clk 1:24:16]} exd4 {[%clk 1:22:29]} 8. Nxd4 {[%clk 1:23:55]} Nc5
{[%clk 1:22:45]} 9. Re1 {[%clk 1:22:50]} Nxb3 {[%clk 1:22:42]} 10. axb3
{[%clk 1:23:09]} O-O {[%clk 1:22:51]} 11. Nf5 {[%clk 1:19:52]} Bxf5
{[%clk 1:21:30]} 12. exf5 {[%clk 1:20:12]} h6 {[%clk 1:09:34]} 13. Be3
{[%clk 1:09:26]} a6 {[%clk 1:08:12]} 14. Qf3 {[%clk 1:06:00]} Qd7
{[%clk 0:54:43]} 15. Red1 {[%clk 0:58:48]} Rfe8 {[%clk 0:49:25]} 16. g4
{[%clk 0:57:56]} b5 {[%clk 0:29:45]} 17. h3 {[%clk 0:39:07]} d5 {[%clk 0:19:48]}
18. Kg2 {[%clk 0:37:13]} Bd6 {[%clk 0:15:17]} 19. Bd4 {[%clk 0:28:02]} Ne4
{[%clk 0:14:05]} 20. Nxe4 {[%clk 0:26:01]} Rxe4 {[%clk 0:14:18]} 21. Be3
{[%clk 0:21:55]} Qe8 {[%clk 0:10:36]} 22. c3 {[%clk 0:11:43]} b4 {[%clk 0:09:16]}
23. c4 {[%clk 0:09:54]} Qe5 {[%clk 0:09:22]} 24. cxd5 {[%clk 0:10:00]} Re8
{[%clk 0:05:57]} 25. dxc6 {[%clk 0:08:00]} Qxb2 {[%clk 0:05:57]} 26. Rab1
{[%clk 0:03:08]} Qe5 {[%clk 0:05:44]} 27. Rd3 {[%clk 0:03:18]} h5
{[%clk 0:03:33]} 28. g5 {[%clk 0:03:25]} Qh2+ {[%clk 0:02:07]} 29. Kf1
{[%clk 0:03:53]} Bf4 {[%clk 0:01:50]} 30. Qg2 {[%clk 0:03:24]} Qxg2+
{[%clk 0:01:11]} 31. Kxg2 {[%clk 0:03:53]} Bxe3 {[%clk 0:01:39]} 32. fxe3
{[%clk 0:03:50]} Rxe3 {[%clk 0:01:54]} 33. Rbd1 {[%clk 0:04:04]} Re2+
{[%clk 0:01:06]} 34. Kf3 {[%clk 0:04:18]} Rc2 {[%clk 0:01:31]} 35. Rd6
{[%clk 0:02:39]} Kf8 {[%clk 0:00:44]} 36. g6 {[%clk 0:02:06]} fxg6
{[%clk 0:00:37]} 37. fxg6 {[%clk 0:02:26]} Rc8 {[%clk 0:00:42]} 38. Rd8+
{[%clk 0:01:11]} Rxd8 {[%clk 0:01:11]} 39. Rxd8+ {[%clk 0:01:40]} Ke7
{[%clk 0:01:39]} 40. Rd7+ {[%clk 0:02:06]} Ke6 {[%clk 0:01:06]} 41. Rxg7
{[%clk 0:01:42]} Rxc6 {[%clk 0:01:23]} 42. Rb7 {[%clk 0:01:46]} Kf6
{[%clk 0:01:18]} 43. g7 {[%clk 0:02:05]} Rc8 {[%clk 0:01:43]} 44. Kf4
{[%clk 0:01:42]} a5 {[%clk 0:01:47]} 45. Ra7 {[%clk 0:01:44]} Re8
{[%clk 0:00:59]} 46. Rxa5 {[%clk 0:01:48]} Kxg7 {[%clk 0:01:19]} 47. Rb5
{[%clk 0:02:07]} Re1 {[%clk 0:00:45]} 48. Rxb4 {[%clk 0:02:05]} Rh1
{[%clk 0:00:53]} 49. Rb7+ {[%clk 0:01:37]} Kf6 {[%clk 0:01:15]} 50. Rb6+
{[%clk 0:02:05]} Ke7 {[%clk 0:01:30]} 51. Kg3 {[%clk 0:02:29]} Kd7
{[%clk 0:01:33]} 52. Kh4 {[%clk 0:02:21]} Ke7 {[%clk 0:01:14]} 53. b4
{[%clk 0:02:35]} Kf7 {[%clk 0:01:16]} 54. b5 {[%clk 0:02:54]} Kg7
{[%clk 0:01:10]} 55. Rc6 {[%clk 0:03:07]} Rb1 {[%clk 0:01:08]} 56. Rc5
{[%clk 0:03:23]} Kg6 {[%clk 0:01:07]} 57. Rg5+ {[%clk 0:03:45]} Kh6
{[%clk 0:01:19]} 58. Rxh5+ {[%clk 0:04:09]} Kg6 {[%clk 0:01:34]} 59. Rg5+
{[%clk 0:04:13]} Kh6 {[%clk 0:02:02]} 60. Rc5 {[%clk 0:03:50]} Rb4+
{[%clk 0:02:26]} 61. Kg3 {[%clk 0:04:10]} Kg6 {[%clk 0:02:23]} 62. h4
{[%clk 0:04:25]} Kg7 {[%clk 0:02:16]} 63. h5 {[%clk 0:04:42]} Kh7
{[%clk 0:02:22]} 64. Kf3 {[%clk 0:05:02]} Kg7 {[%clk 0:02:31]} 65. Ke3
{[%clk 0:05:21]} Kf7 {[%clk 0:01:17]} 66. Kd3 {[%clk 0:05:35]} Ke6
{[%clk 0:00:43]} 67. h6 {[%clk 0:05:40]} Rh4 {[%clk 0:00:41]} 68. Kc3
{[%clk 0:04:58]} Kd6 {[%clk 0:00:34]} 69. Rc4 {[%clk 0:05:09]} Rh5
{[%clk 0:00:34]} 70. Kb4 {[%clk 0:05:26]} Kd7 {[%clk 0:00:59]} 71. Rc6
{[%clk 0:05:46]} Rh4+ {[%clk 0:00:32]} 72. Kc5 {[%clk 0:05:59]} Rh5+
{[%clk 0:00:57]} 73. Kb6 {[%clk 0:06:24]} Kd8 {[%clk 0:01:11]} 74. Rg6
{[%clk 0:06:34]} Kc8 {[%clk 0:00:35]} 75. Kc6 {[%clk 0:06:47]} Kd8
{[%clk 0:01:03]} 76. b6 {[%clk 0:06:34]} Rh1 {[%clk 0:01:30]} 77. Rg8+
{[%clk 0:05:59]} Ke7 {[%clk 0:01:56]} 78. b7 {[%clk 0:06:15]} 1-0

[Event "MMM"]
[Site "Galaxy Gesia 22a - Krakow"]
[Date "2022.06.17"]
[Round "3.12"]
[White "Janeczko, Jakub"]
[Black "Krawczyk, Wojciech"]
[Result "1/2-1/2"]
[BlackElo "2036"]
[WhiteElo "2087"]
[LiveChessVersion "1.4.8"]

1. e4 {[%clk 1:30:57]} e5 {[%clk 1:29:08]} 2. Nf3 {[%clk 1:31:16]} Nc6
{[%clk 1:29:35]} 3. Bc4 {[%clk 1:31:41]} Bc5 {[%clk 1:29:46]} 4. O-O
{[%clk 1:31:53]} Nf6 {[%clk 1:30:08]} 5. d3 {[%clk 1:32:17]} d6 {[%clk 1:30:14]}
6. c3 {[%clk 1:32:19]} Bg4 {[%clk 1:29:36]} 7. h3 {[%clk 1:31:28]} Bh5
{[%clk 1:29:27]} 8. Re1 {[%clk 1:31:34]} O-O {[%clk 1:29:33]} 9. Nbd2
{[%clk 1:31:53]} a6 {[%clk 1:29:33]} 10. Bb3 {[%clk 1:30:10]} Re8
{[%clk 1:20:09]} 11. Nf1 {[%clk 1:30:24]} d5 {[%clk 1:12:06]} 12. Qe2
{[%clk 1:29:02]} Bg6 {[%clk 1:05:34]} 13. Ng3 {[%clk 1:28:26]} dxe4
{[%clk 1:05:34]} 14. dxe4 {[%clk 1:28:48]} Nh5 {[%clk 1:05:42]} 15. Nxh5
{[%clk 1:27:38]} Bxh5 {[%clk 1:05:46]} 16. Rd1 {[%clk 1:20:38]} Bd6
{[%clk 0:52:25]} 17. Be3 {[%clk 1:19:06]} Qe7 {[%clk 0:51:59]} 18. g4
{[%clk 1:12:36]} Bg6 {[%clk 0:52:22]} 19. Bg5 {[%clk 1:12:49]} Qf8
{[%clk 0:52:49]} 20. Nh4 {[%clk 1:13:06]} Na5 {[%clk 0:51:35]} 21. Nxg6
{[%clk 1:05:25]} hxg6 {[%clk 0:51:29]} 22. Bc2 {[%clk 1:05:53]} f6
{[%clk 0:48:47]} 23. Be3 {[%clk 1:05:28]} Nc6 {[%clk 0:41:25]} 24. h4
{[%clk 1:04:28]} Nd8 {[%clk 0:40:12]} 25. Kg2 {[%clk 0:58:40]} Ne6
{[%clk 0:34:53]} 26. h5 {[%clk 0:57:31]} g5 {[%clk 0:32:14]} 27. Bb3
{[%clk 0:56:45]} Kh7 {[%clk 0:32:16]} 28. Bxe6 {[%clk 0:49:57]} Rxe6
{[%clk 0:32:38]} 29. Qc4 {[%clk 0:50:08]} Ree8 {[%clk 0:24:56]} 30. Rd2
{[%clk 0:49:40]} Qg8 {[%clk 0:24:35]} 31. Qd5 {[%clk 0:47:24]} Qxd5
{[%clk 0:21:32]} 32. Rxd5 {[%clk 0:47:50]} Red8 {[%clk 0:19:40]} 33. Rad1
{[%clk 0:47:43]} Be7 {[%clk 0:18:30]} 34. Kf3 {[%clk 0:42:42]} Kg8
{[%clk 0:17:20]} 35. a4 {[%clk 0:38:24]} Kf7 {[%clk 0:16:59]} 36. Ke2
{[%clk 0:34:11]} Ke6 {[%clk 0:16:48]} 37. Rxd8 {[%clk 0:33:40]} Rxd8
{[%clk 0:17:11]} 38. Rxd8 {[%clk 0:33:33]} Bxd8 {[%clk 0:17:36]} 39. Bc5
{[%clk 0:33:46]} Be7 {[%clk 0:18:01]} 40. Bxe7 {[%clk 0:34:10]} Kxe7
{[%clk 0:18:26]} 41. Kd3 {[%clk 0:34:37]} Kd6 {[%clk 0:18:41]} 42. Kc4
{[%clk 0:35:02]} b6 {[%clk 0:18:17]} 43. b3 {[%clk 0:35:01]} 1/2-1/2

[Event "MMM"]
[Site "Galaxy Gesia 22a - Krakow"]
[Date "2022.06.17"]
[Round "3.13"]
[White "Kulesza, Andrzej"]
[Black "Kumor, Lukasz"]
[Result "1-0"]
[BlackElo "2079"]
[WhiteElo "2024"]
[LiveChessVersion "1.4.8"]

1. e4 {[%clk 1:30:53]} c5 {[%clk 1:28:29]} 2. Nf3 {[%clk 1:29:44]} Nc6
{[%clk 1:27:37]} 3. d4 {[%clk 1:29:10]} cxd4 {[%clk 1:28:04]} 4. Nxd4
{[%clk 1:29:28]} Nf6 {[%clk 1:27:08]} 5. Nc3 {[%clk 1:29:04]} e5 {[%clk 1:26:56]}
6. Ndb5 {[%clk 1:28:09]} d6 {[%clk 1:27:25]} 7. Bg5 {[%clk 1:26:46]} a6
{[%clk 1:27:45]} 8. Na3 {[%clk 1:26:07]} b5 {[%clk 1:28:06]} 9. Bxf6
{[%clk 1:21:34]} gxf6 {[%clk 1:25:21]} 10. Nd5 {[%clk 1:20:48]} f5
{[%clk 1:24:29]} 11. Bd3 {[%clk 1:18:01]} Be6 {[%clk 1:17:51]} 12. O-O
{[%clk 1:16:38]} Bg7 {[%clk 1:14:16]} 13. c4 {[%clk 1:15:12]} bxc4
{[%clk 1:06:07]} 14. Nxc4 {[%clk 1:14:52]} O-O {[%clk 0:58:23]} 15. Ndb6
{[%clk 0:55:52]} Rb8 {[%clk 0:51:30]} 16. Qh5 {[%clk 0:50:54]} f4
{[%clk 0:43:47]} 17. Nd5 {[%clk 0:49:25]} f5 {[%clk 0:28:57]} 18. Rad1
{[%clk 0:25:14]} Nd4 {[%clk 0:25:59]} 19. Nc3 {[%clk 0:17:09]} Rf6
{[%clk 0:22:29]} 20. exf5 {[%clk 0:13:53]} Rh6 {[%clk 0:16:37]} 21. Qxh6
{[%clk 0:13:13]} Bxh6 {[%clk 0:16:56]} 22. fxe6 {[%clk 0:13:39]} f3
{[%clk 0:13:38]} 23. g3 {[%clk 0:10:50]} Qe7 {[%clk 0:13:12]} 24. Rfe1
{[%clk 0:08:55]} Qxe6 {[%clk 0:12:23]} 25. b3 {[%clk 0:08:01]} Bg7
{[%clk 0:10:00]} 26. Nxe5 {[%clk 0:07:43]} Ne2+ {[%clk 0:05:47]} 27. Nxe2
{[%clk 0:07:50]} Qxe5 {[%clk 0:05:43]} 28. Bc4+ {[%clk 0:06:53]} Kh8
{[%clk 0:05:57]} 29. Nd4 {[%clk 0:06:54]} Qh5 {[%clk 0:04:48]} 30. Re3
{[%clk 0:05:16]} Bxd4 {[%clk 0:01:35]} 31. Rxd4 {[%clk 0:05:44]} Re8
{[%clk 0:01:01]} 32. Rxe8+ {[%clk 0:05:31]} Qxe8 {[%clk 0:01:29]} 33. Rxd6
{[%clk 0:05:51]} Qe1+ {[%clk 0:01:39]} 34. Bf1 {[%clk 0:06:16]} a5
{[%clk 0:01:59]} 35. Rf6 {[%clk 0:05:53]} Qe4 {[%clk 0:01:13]} 36. h4
{[%clk 0:06:10]} Kg7 {[%clk 0:00:49]} 37. Rf4 {[%clk 0:06:30]} Qd5
{[%clk 0:01:04]} 38. Ra4 {[%clk 0:06:28]} Kg6 {[%clk 0:00:47]} 39. a3
{[%clk 0:06:37]} Qxb3 {[%clk 0:00:40]} 40. Rxa5 {[%clk 0:07:02]} Kf6
{[%clk 0:00:51]} 41. a4 {[%clk 0:07:19]} Ke6 {[%clk 0:00:49]} 42. Ra7
{[%clk 0:07:32]} h5 {[%clk 0:00:43]} 43. a5 {[%clk 0:07:43]} Kd6 {[%clk 0:01:00]}
44. a6 {[%clk 0:07:24]} Qb8 {[%clk 0:00:35]} 45. Rf7 {[%clk 0:07:32]} Qa8
{[%clk 0:00:35]} 46. Rf5 {[%clk 0:07:45]} Qe4 {[%clk 0:00:38]} 47. Rxh5
{[%clk 0:07:45]} Kc7 {[%clk 0:00:51]} 48. Rc5+ {[%clk 0:06:46]} Kb6
{[%clk 0:00:54]} 49. Rc4 {[%clk 0:07:12]} Qd5 {[%clk 0:01:08]} 50. Rf4
{[%clk 0:07:30]} Ka7 {[%clk 0:00:52]} 51. Rg4 {[%clk 0:05:31]} Kb8
{[%clk 0:00:47]} 52. Rg5 {[%clk 0:05:34]} Qe4 {[%clk 0:00:45]} 53. h5
{[%clk 0:05:43]} Qh7 {[%clk 0:00:50]} 54. Kh2 {[%clk 0:04:24]} Qc2
{[%clk 0:01:03]} 55. Rb5+ {[%clk 0:04:21]} Ka7 {[%clk 0:01:10]} 56. Kg1
{[%clk 0:04:45]} Qc6 {[%clk 0:00:39]} 57. Rf5 {[%clk 0:05:02]} Qe4
{[%clk 0:00:40]} 58. Rf7+ {[%clk 0:05:15]} Kb8 {[%clk 0:00:43]} 59. h6
{[%clk 0:05:38]} Qg6 {[%clk 0:00:38]} 60. h7 {[%clk 0:06:04]} Qh6
{[%clk 0:00:41]} 61. Re7 {[%clk 0:06:02]} Qh5 {[%clk 0:00:41]} 62. Bb5
{[%clk 0:06:15]} Qh3 {[%clk 0:00:40]} 63. h8=Q+ {[%clk 0:06:39]} Qxh8
{[%clk 0:00:38]} 64. Re8+ {[%clk 0:07:03]} Qxe8 {[%clk 0:00:36]} 65. Bxe8
{[%clk 0:07:05]} 1-0

[Event "MMM"]
[Site "Galaxy Gesia 22a - Krakow"]
[Date "2022.06.17"]
[Round "3.14"]
[White "Oranje, Richard"]
[Black "Praszak, Michal"]
[Result "1/2-1/2"]
[BlackElo "2062"]
[WhiteElo "2066"]
[LiveChessVersion "1.4.8"]

1. Nc3 {[%clk 1:28:12]} c5 {[%clk 1:30:38]} 2. d4 {[%clk 1:28:35]} cxd4
{[%clk 1:30:56]} 3. Qxd4 {[%clk 1:29:01]} Nc6 {[%clk 1:31:15]} 4. Qh4
{[%clk 1:29:15]} g6 {[%clk 1:30:50]} 5. e4 {[%clk 1:29:39]} Bg7 {[%clk 1:31:12]}
6. Bc4 {[%clk 1:28:05]} Nf6 {[%clk 1:31:31]} 7. Nf3 {[%clk 1:27:41]} d6
{[%clk 1:31:37]} 8. Bh6 {[%clk 1:27:50]} O-O {[%clk 1:30:34]} 9. O-O-O
{[%clk 1:28:03]} Qa5 {[%clk 1:29:46]} 10. Ng5 {[%clk 1:25:10]} e6
{[%clk 1:26:01]} 11. f4 {[%clk 1:18:40]} Qc5 {[%clk 1:25:28]} 12. Bb3
{[%clk 1:07:05]} Nh5 {[%clk 1:23:19]} 13. Bxg7 {[%clk 1:06:38]} Kxg7
{[%clk 1:23:44]} 14. Rde1 {[%clk 0:53:19]} h6 {[%clk 1:23:46]} 15. Nf3
{[%clk 0:53:41]} Nd4 {[%clk 1:20:22]} 16. Nxd4 {[%clk 0:46:31]} Qxd4
{[%clk 1:20:49]} 17. Rhf1 {[%clk 0:46:44]} Bd7 {[%clk 1:18:08]} 18. Kb1
{[%clk 0:46:07]} Bc6 {[%clk 1:17:56]} 19. Rd1 {[%clk 0:45:18]} Qf6
{[%clk 1:13:18]} 20. Qf2 {[%clk 0:41:17]} Qe7 {[%clk 1:02:13]} 21. f5
{[%clk 0:23:48]} Nf6 {[%clk 1:02:24]} 22. Qd4 {[%clk 0:22:27]} Rfd8
{[%clk 0:55:00]} 23. fxe6 {[%clk 0:20:59]} fxe6 {[%clk 0:55:22]} 24. g4
{[%clk 0:16:31]} e5 {[%clk 0:55:35]} 25. Qd2 {[%clk 0:16:24]} Rf8
{[%clk 0:50:34]} 26. g5 {[%clk 0:12:29]} Nxe4 {[%clk 0:47:47]} 27. gxh6+
{[%clk 0:12:45]} Kh7 {[%clk 0:48:09]} 28. Nxe4 {[%clk 0:13:07]} Bxe4
{[%clk 0:48:36]} 29. Rfe1 {[%clk 0:10:57]} Bc6 {[%clk 0:44:47]} 30. Qxd6
{[%clk 0:11:16]} Qxd6 {[%clk 0:45:08]} 31. Rxd6 {[%clk 0:11:42]} Rae8
{[%clk 0:45:22]} 32. a4 {[%clk 0:11:23]} Kxh6 {[%clk 0:44:41]} 33. Rg1
{[%clk 0:11:40]} Be4 {[%clk 0:45:00]} 34. Bd5 {[%clk 0:09:46]} Bxd5
{[%clk 0:41:11]} 35. Rxd5 {[%clk 0:10:03]} Re6 {[%clk 0:41:15]} 36. Kc1
{[%clk 0:05:08]} b6 {[%clk 0:40:29]} 37. Rg2 {[%clk 0:05:26]} e4 {[%clk 0:40:09]}
38. Kd2 {[%clk 0:05:36]} Rf3 {[%clk 0:40:14]} 39. Rd4 {[%clk 0:04:38]} Rh3
{[%clk 0:39:16]} 40. Re2 {[%clk 0:04:37]} g5 {[%clk 0:38:05]} 41. b4
{[%clk 0:03:50]} Kg6 {[%clk 0:38:13]} 42. Rdxe4 {[%clk 0:02:00]} Rxe4
{[%clk 0:38:36]} 43. Rxe4 {[%clk 0:02:29]} Rxh2+ {[%clk 0:38:53]} 44. Kd3
{[%clk 0:02:51]} Rh3+ {[%clk 0:38:11]} 45. Kd2 {[%clk 0:00:44]} Rh4
{[%clk 0:38:23]} 46. Re7 {[%clk 0:01:07]} Rxb4 {[%clk 0:38:28]} 47. Rxa7
{[%clk 0:01:36]} g4 {[%clk 0:38:47]} 48. a5 {[%clk 0:01:44]} g3 {[%clk 0:33:23]}
49. Ke2 {[%clk 0:01:53]} bxa5 {[%clk 0:32:09]} 50. Rxa5 {[%clk 0:02:21]} Rf4
{[%clk 0:32:26]} 51. Ra3 {[%clk 0:02:07]} Rg4 {[%clk 0:31:43]} 52. Kf1
{[%clk 0:02:33]} Kg5 {[%clk 0:32:04]} 53. Kg2 {[%clk 0:02:54]} Kh4
{[%clk 0:32:24]} 54. Ra8 {[%clk 0:03:13]} Rc4 {[%clk 0:32:28]} 1/2-1/2